[Event "Vasteras Open 2018"]
[Site "Vasteras"]
[Date "2018.09.28"]
[Round "2"]
[White "Lokander, Martin"]
[Black "Trost, Edvin"]
[Result "1/2-1/2"]
[WhiteElo "2384"]
[BlackElo "2053"]
[Annotator "RC"]
[PlyCount "84"]
[EventDate "2018.09.28"]
[EventCountry "SWE"]
[SourceTitle "playchess.com"]
[Source "ChessBase"]
[SourceQuality "1"]
[TimeControl "900+5"]

1. Nf3 {[%emt 0:00:00]} Nf6 {[%emt 0:00:00]} 2. c4 {[%emt 0:00:00]} g6 {[%emt 0:00:00]} 3. Nc3 {[%emt 0:00:00]} d5 {[%emt 0:00:01]} 4. cxd5 {[%emt 0:00:01]} Nxd5 {[%emt 0:00:02]} 5. h4 {[%emt 0:00:02]} Nc6 {[%emt 0:02:11]} 6. e4 {[%emt 0:00:23]} Ndb4 {[%emt 0:00:37]} 7. d3 {[%emt 0:01:55]} Bg4 {[%emt 0:00:29]} 8. a3 {[%emt 0:00:13]} Bxf3 {[%emt 0:00:06]} 9. gxf3 {[%emt 0:00:04]} Na6 {[%emt 0:00:01]} 10. d4 {[%emt 0:00:45]} Qxd4 {[%emt 0:00:18]} 11. Be3 {[%emt 0:00:01]} Qxd1+ {[%emt 0:00:18]} 12. Rxd1 {[%emt 0:00:02]} e6 {[%emt 0:01:46]} 13. h5 {[%emt 0:01:15]} Bg7 {[%emt 0:00:17]} 14. hxg6 {[%emt 0:02:20]} hxg6 {[%emt 0:00:03]} 15. Rxh8+ {[%emt 0:00:01]} Bxh8 {[%emt 0:00:01]} 16. Rc1 {[%emt 0:01:13]} Nd4 {[%emt 0:01:34]} 17. Nb5 {[%emt 0:01:26]} Nxf3+ {[%emt 0:00:50]} 18. Ke2 {[%emt 0:00:11]} Ng1+ {[%emt 0:00:12]} 19. Ke1 {[%emt 0:00:09]} Nf3+ {[%emt 0:00:07]} 20. Ke2 {[%emt 0:00:12]} Ng1+ {[%emt 0:00:02]} 21. Kd3 {[%emt 0:00:19]} Rd8+ {[%emt 0:00:29]} 22. Kc2 {[%emt 0:00:05]} c6 {[%emt 0:00:10]} 23. Nxa7 {[%emt 0:00:09]} Nf3 {[%emt 0:00:55]} 24. Bxa6 {[%emt 0:01:11]} bxa6 {[%emt 0:00:03]} 25. Nxc6 {[%emt 0:00:06]} Rc8 {[%emt 0:00:40]} 26. Kb1 {[%emt 0:00:26]} Ne5 {[%emt 0:00:40]} 27. Nxe5 {[%emt 0:00:59]} Rxc1+ {[%emt 0:00:03]} 28. Kxc1 {[%emt 0:00:01]} Bxe5 {[%emt 0:00:01]} 29. b4 {[%emt 0:00:07]} f5 {[%emt 0:00:11]} 30. exf5 {[%emt 0:00:01]} gxf5 {[%emt 0:00:03]} 31. f3 {[%emt 0:00:05]} Kd7 {[%emt 0:00:03]} 32. Kc2 {[%emt 0:00:01]} Kc6 {[%emt 0:00:01]} 33. a4 {[%emt 0:00:10]} Kd5 {[%emt 0:01:57]} 34. Kd3 {[%emt 0:00:01]} Bd6 {[%emt 0:00:09]} 35. b5 {[%emt 0:00:18]} axb5 {[%emt 0:00:03]} 36. axb5 {[%emt 0:00:01]} e5 {[%emt 0:00:10]} 37. b6 {[%emt 0:00:22]} e4+ {[%emt 0:00:05]} 38. fxe4+ {[%emt 0:00:02]} fxe4+ {[%emt 0:00:02]} 39. Kc3 {[%emt 0:00:15]} Kc6 {[%emt 0:00:01]} 40. Kd4 {[%emt 0:00:06]} Bc5+ {[%emt 0:00:04]} 41. Kxe4 {[%emt 0:00:04]} Bxb6 {[%emt 0:00:02]} 42. Bxb6 {[%emt 0:00:02]} Kxb6 {[%emt 0:00:00]} 1/2-1/2

[Event "Vasteras Open 2018"]
[Site "Vasteras"]
[Date "2018.09.28"]
[Round "2"]
[White "Bellon Lopez, Juan Manuel"]
[Black "Eriksson, Lennarth"]
[Result "1-0"]
[WhiteElo "2342"]
[BlackElo "2043"]
[Annotator "TA"]
[PlyCount "57"]
[EventDate "2018.09.28"]
[EventCountry "SWE"]
[SourceTitle "playchess.com"]
[Source "ChessBase"]
[SourceQuality "1"]

{[%evp 16,57,31,17,52,47,55,27,12,14,31,5,23,0,134,131,145,152,135,133,177,180,192,160,168,145,200,75,93,102,114,99,252,257,357,345,354,306,379,361,431,403,433,379]} 1. d4 d6 2. g3 g6 3. Bg2 Bg7 4. e4 c5 5. Ne2 cxd4 6. Nxd4 Nf6 7. Nc3 O-O 8. O-O Nbd7 9. h3 {LiveBook: 42 Games} Rb8 {B70: Sicilian Dragon: 6 g3 and 6 Be2 (without a later Be3)} 10. Be3 Nc5 11. b4 $146 ({Predecessor:} 11. Qd2 Bd7 12. Rad1 Qc8 13. g4 b5 14. Rfe1 Re8 15. Bh6 Bxh6 16. Qxh6 Ne6 17. Nxe6 Bxe6 18. Rd2 {0-1 (74) Ali Marandi,C (2180)-Can,E (2483) Kemer 2011}) 11... Ncd7 {White has an edge.} 12. f4 a5 13. a3 Nb6 14. Qe2 a4 {[#]} (14... Bd7 $11) 15. Rad1 $1 $16 Bd7 16. e5 $36 {[%mdl 2048] White is on the roll.} Ne8 17. Ndb5 Rc8 18. Bxb7 Bxh3 19. Rfe1 Rb8 20. Bf3 Be6 {[#]} (20... Bd7 $16 {keeps fighting.} 21. Na7 Kh8) 21. Nd5 (21. Na7 $1 $18) 21... Bxd5 22. Bxd5 Nxd5 23. Rxd5 e6 $2 (23... Qd7 $16 {might work better.}) 24. Rd2 $18 Qd7 25. Nxd6 Nxd6 26. Rxd6 Qc7 27. c4 {[%cal Bc2c4,Bc4c5][%mdl 32]} f6 28. Bd4 Rfd8 29. c5 {Precision: White = 63%, Black = 23%.} 1-0

[Event "Vasteras Open 2018"]
[Site "Vasteras"]
[Date "2018.09.28"]
[Round "2"]
[White "Kucuksari, Kaan"]
[Black "Morales Fernandez, Juan Pablo"]
[Result "1-0"]
[WhiteElo "2327"]
[BlackElo "2041"]
[Annotator "TA"]
[PlyCount "49"]
[EventDate "2018.09.28"]
[EventCountry "SWE"]
[SourceTitle "playchess.com"]
[Source "ChessBase"]
[SourceQuality "1"]

{[%evp 14,49,41,43,214,220,220,219,263,201,416,450,441,425,410,444,437,420,408,408,385,323,314,300,511,381,328,331,335,274,836,825,1341,1318,2593,2410,2520,2401]} 1. d4 Nf6 2. Nf3 e6 3. c4 c5 4. d5 exd5 5. cxd5 d6 6. Nc3 g6 7. Bf4 Bg7 8. Qa4+ {LiveBook: 537 Games} Nbd7 $2 {A61: Modern Benoni: Nf3 without early e4} (8... Bd7 $14 9. Qb3 Qc7) (8... Bd7 9. Qb3 b5 10. Bxd6 Qb6 11. Be5 O-O 12. e3 b4 13. Nb1 Bf5 14. Nbd2 Nbd7 15. Bg3 a5 16. Nc4 a4 17. Qd1 Qb7 18. Nd6 Qxd5 {0-1 (51) Cori Tello,J (2659)-Flores,D (2614) Montevideo 2018}) 9. Bxd6 $18 {[#] And now Nb5 would win.} Qb6 10. Nb5 a6 {White is clearly better.} 11. e3 {Black must now prevent Nc7+.} c4 $146 (11... axb5 12. Qxa8 Qxd6) ({Predecessor:} 11... axb5 12. Qxa8 Qxd6 13. Qxc8+ Ke7 14. Qxb7 c4 15. Qxb5 c3 16. bxc3 {1-0 (24) Benjamin,J (2540)-Kraidman,Y (2440) Jerusalem 1986}) 12. Nc7+ Kd8 13. Ng5 {[%cal Rg5f7]} (13. Nxa8 Qxb2 14. Qxc4 Qxa1+ 15. Ke2 Ne8 $16) 13... Qxd6 14. Nxf7+ ({Less strong is} 14. Nxa8 Ke7 $16) 14... Kxc7 15. Nxd6 Kxd6 16. Qb4+ Kc7 17. Bxc4 Bf8 18. Qc3 Kd8 $2 (18... Kb8 {was called for.} 19. O-O Bd6) 19. O-O Bd6 20. Bb3 Re8 21. h3 b6 $2 (21... Ke7 22. e4 Kf7) 22. Qc6 {White is clearly winning.} Bc7 23. Qxa8 Nb8 {[#]} 24. d6 $1 Bxd6 25. Rfd1 {Precision: White = 64%, Black = 29%.} 1-0

[Event "Vasteras Open 2018"]
[Site "Vasteras"]
[Date "2018.09.28"]
[Round "2"]
[White "Aroven, Mikael"]
[Black "Solodovnichenko, Yuri"]
[Result "0-1"]
[WhiteElo "2104"]
[BlackElo "2554"]
[Annotator "TA"]
[PlyCount "72"]
[EventDate "2018.09.28"]
[EventCountry "SWE"]
[SourceTitle "playchess.com"]
[Source "ChessBase"]
[SourceQuality "1"]

{[%evp 12,72,28,0,0,0,5,-7,-6,-6,-13,-23,0,-1,-6,-53,-55,-97,-42,-60,-65,-137,-156,-136,-47,-247,-246,-247,-245,-285,-284,-284,-284,-284,-284,-336,-337,-355,-355,-414,-414,-395,-395,-460,-456,-547,-550,-508,-515,-524,-491,-616,-616,-616,-613,-616,-596,-613,-588,-621,-559,-1385,-1375]} 1. Nf3 Nf6 2. c4 c5 3. Nc3 e6 4. g3 b6 5. Bg2 Bb7 6. O-O Be7 7. d3 d5 {A30: Symmetrical English: Double Fianchetto and Hedgehog} (7... O-O 8. e4 d6 9. Re1 a6 10. b3 Nbd7 11. d4 cxd4 12. Nxd4 Qc7 13. Bb2 Rfe8 14. Rc1 Rac8 15. h3 Qb8 16. Qe2 Bf8 17. Rcd1 Ba8 {0-1 (48) Dubov,D (2701)-Grischuk,A (2767) Moscow 2018}) 8. cxd5 Nxd5 9. Bd2 O-O {The position is equal.} 10. d4 Nd7 11. Re1 $146 ({Predecessor:} 11. a3 Rc8 12. Re1 N7f6 13. Qb3 Nxc3 14. Bxc3 Ne4 {1-0 (42) Kiselev,A (2160)-Pospelov,S (2060) Dubna 2001}) 11... cxd4 12. Nxd4 Nc5 13. a3 Bf6 14. Ndb5 Qd7 (14... a6 $1 $17 {[%cal Ra6b5]} 15. Nxd5 exd5) 15. b4 Nxc3 16. Nxc3 ({White should try} 16. Bxc3 $15 Qxb5 17. Bxf6) 16... Bxg2 $17 17. Kxg2 {[#]} Rfd8 (17... Ne4 $1 $17 {[%cal Re4c3][%mdl 512]} 18. Nxe4 Bxa1 19. Qxa1 f5) 18. bxc5 $2 (18. Rc1 $15) 18... Bxc3 $1 $19 ({Worse is} 18... Qxd2 19. Qxd2 Rxd2 20. Ne4 $11) ({Not} 18... bxc5 19. Rc1 $15) 19. Bxc3 {Qxd7 is the strong threat.} Qc6+ 20. Kg1 Rxd1 21. Rexd1 Qxc5 22. Bb4 Qb5 23. Rd2 Rc8 24. Rad1 {Strongly threatening Rd8+.} h6 25. h4 a5 26. Bd6 Qb3 27. Rd3 Qb2 {Black is clearly winning.} 28. R1d2 Rc2 29. Rxc2 Qxc2 {[%mdl 4096] Endgame KQ-KRB} 30. Kf1 f6 31. Rd4 e5 32. Rd3 h5 33. f3 Kf7 34. Kf2 g6 35. Ke3 Ke6 36. Kf2 Qxd3 {Precision: White = 25%, Black = 74%.} 0-1

[Event "Vasteras Open 2018"]
[Site "Vasteras"]
[Date "2018.09.28"]
[Round "2"]
[White "Johnson, Daniel"]
[Black "Miezis, Normunds"]
[Result "0-1"]
[WhiteElo "2097"]
[BlackElo "2470"]
[Annotator "TA"]
[PlyCount "62"]
[EventDate "2018.09.28"]
[EventCountry "SWE"]
[SourceTitle "playchess.com"]
[Source "ChessBase"]
[SourceQuality "1"]

{[%evp 11,62,52,75,48,64,37,37,37,46,41,45,21,20,-2,35,15,41,0,12,-83,-20,-6,-36,-37,-46,-39,-39,-48,-72,-59,-17,-64,0,0,0,-517,-514,-672,-668,-644,-637,-704,-704,-695,-695,-910,-930,-927,-919,-1444,-1414,-1277,-943]} 1. d4 Nf6 2. c4 c5 3. d5 e6 4. Nc3 exd5 5. cxd5 Bd6 6. e4 O-O 7. Bd3 {A60: Modern Benoni: Early Divergences} (7. f4 Nxe4 8. Nxe4 Re8 9. Qe2 Bf8 10. g4 d6 11. Nh3 Bxg4 12. Qxg4 Rxe4+ 13. Be2 Nd7 14. Nf2 Nf6 {½-½ (54) Nielsen,P (2693)-Karjakin,S (2763) Beijing 2011}) 7... Re8 8. Nge2 Bc7 9. Qc2 $146 {White is slightly better.} ({Predecessor:} 9. O-O a6 10. a4 d6 11. Bg5 Nbd7 12. f4 Nf8 13. e5 dxe5 14. Ne4 Bd6 15. Bxf6 gxf6 16. f5 Be7 17. Bc4 Nd7 18. d6 Bf8 {1-0 (18) Bellahcene,B (2476)-Nogueira,I (2315) Cappelle-la-Grande 2016}) 9... d6 10. O-O a6 11. a4 Nbd7 12. f4 Rb8 13. Kh1 Nf8 14. Be3 Bd7 15. e5 (15. Bd2 $11 {remains equal.}) 15... Ng4 (15... dxe5 $17 16. Bxc5 Rc8) 16. Bg1 $11 dxe5 17. Ne4 exf4 18. d6 Bb6 {Hoping for ...c4!} 19. Nxf4 Bc6 {...c4! is the strong threat.} 20. a5 Ba7 {Threatens to win with ...c4!} (20... c4 $5 21. Bxc4 Bxg1 22. Bxf7+ Kh8 23. Bxe8 Qxe8 24. Kxg1 Bxe4 $15) 21. Rad1 Qh4 ({Stronger than} 21... Qxa5 22. Ng5 $18) (21... c4 $15 22. Bxc4 Bxg1 23. Bxf7+ Kh8 24. Bxe8 Ne3) 22. Ng3 {And now Nf5 would win.} c4 $1 $36 {[%mdl 2048] Black is more active.} 23. Bxh7+ $2 {[%mdl 8192]} (23. Nf5 $11 {and White has nothing to worry.} cxd3 24. Qxd3) 23... Kh8 $19 {[#] ( -> ...Bxg1). Black is clearly winning.} ({Not} 23... Nxh7 24. Nf5 $17) 24. Nh3 {intending Bf5.} Bxg1 25. Kxg1 Ne3 26. Qf2 Nxd1 27. Rxd1 Nxh7 28. Qd2 Rbd8 29. Qc3 Qf6 30. Qxc4 Rxd6 31. Rf1 Qd4+ {Precision: White = 42%, Black = 54%.} 0-1

[Event "Vasteras Open 2018"]
[Site "Vasteras"]
[Date "2018.09.28"]
[Round "2"]
[White "Svensson, Mikael"]
[Black "Johansson, Linus"]
[Result "0-1"]
[WhiteElo "2086"]
[BlackElo "2461"]
[Annotator "TA"]
[PlyCount "64"]
[EventDate "2018.09.28"]
[EventCountry "SWE"]
[SourceTitle "playchess.com"]
[Source "ChessBase"]
[SourceQuality "1"]

{[%evp 21,64,32,38,22,22,14,16,12,12,15,20,-34,10,-125,-125,-179,-154,-143,-128,-158,-166,-191,-188,-379,-378,-379,-379,-379,-379,-378,-378,-458,-464,-418,-375,-477,-431,-580,-563,-754,-743,-1015,-980,-1246,-1237]} 1. d4 Nf6 2. Nf3 e6 3. Bg5 h6 4. Bh4 b6 5. e3 Bb7 6. Bd3 c5 7. O-O {A46: 1 d4 Nf6 2 Nf3 e6: Torre, London and Colle Systems} cxd4 (7... Be7 8. Nbd2 cxd4 9. exd4 O-O 10. Re1 d6 11. Bxf6 Bxf6 12. c3 Nd7 13. Nf1 g6 14. Ng3 Bg7 15. a4 Re8 16. Be4 Bxe4 17. Nxe4 d5 18. Ned2 {0-1 (67) Zherebukh,Y (2636)-Vorontsov,P (2539) Columbus 2017}) 8. exd4 Be7 9. c4 O-O 10. Nc3 d6 11. Qe2 Nbd7 {LiveBook: 5 Games} 12. Rac1 Rc8 13. Rfd1 Re8 14. h3 $146 ({Predecessor:} 14. b4 Nh5 15. Bg3 Nxg3 16. hxg3 Nf6 17. c5 Qc7 18. Na4 bxc5 19. dxc5 dxc5 20. Nxc5 Bxf3 21. Qxf3 Qb6 22. Na6 {½-½ (22) Szeberenyi,A (2257)-Eperjesi,L (2365) Budapest 2000}) 14... Nh5 15. Bxe7 Qxe7 16. Be4 (16. Qe3 $11) 16... d5 {[%cal Bd6d5,Bd5c4,Bc4b3][%mdl 32]} 17. Bb1 (17. cxd5 $11 exd5 18. Bd3) 17... dxc4 $17 ({Much less strong is} 17... Rxc4 18. g3 $15) 18. Ne4 (18. Qe3 $17 {was worth a try.}) 18... b5 19. Ne5 Nhf6 20. Nxd7 Nxd7 21. a4 a6 {[%cal Ba7a6,Ba6a5,Ba5a4,Ba4a3,Ba3a2][%mdl 32]} 22. b3 $2 {[#]} (22. axb5 {is a better defense.} axb5 23. Ng3) 22... cxb3 $19 23. axb5 a5 24. Qd3 Bxe4 25. Qxe4 {[#] Threatening mate with Qh7+.} Nf6 26. Qd3 Qb4 27. Rc6 a4 28. Rdc1 Rb8 {Black is clearly winning.} 29. R6c5 a3 30. Qc3 Qxc3 31. R5xc3 Rxb5 32. Rc8 a2 {Precision: White = 29%, Black = 78%.} 0-1

[Event "Vasteras Open 2018"]
[Site "Vasteras"]
[Date "2018.09.28"]
[Round "2"]
[White "Karlsson, Jorgen"]
[Black "Lindberg, Bengt"]
[Result "0-1"]
[WhiteElo "2065"]
[BlackElo "2406"]
[Annotator "TA"]
[PlyCount "57"]
[EventDate "2018.09.28"]
[EventCountry "SWE"]
[SourceTitle "playchess.com"]
[Source "ChessBase"]
[SourceQuality "1"]

{[%evp 9,57,4,0,-8,8,-41,-30,-56,-57,-73,-79,-135,-120,-229,-112,-110,-93,-129,-114,-145,-143,-142,-131,-123,-114,-116,-101,-131,24,-58,0,-48,-62,-59,-62,-75,0,-100,-87,-232,-104,-320,-335,-658,-297,-339,-329,-518,-508,-501]} 1. d4 Nf6 2. Bf4 d6 3. Nc3 Nbd7 (3... g6 4. Qd2 c6 5. e4 b5 6. f3 Nbd7 7. Nge2 Nb6 8. Ng3 h5 9. Be2 Bg7 10. O-O h4 11. Nh1 h3 12. g4 a5 13. Ng3 Ba6 {1-0 (71) Aronian,L (2805)-Demchenko,A (2660) Riadh 2017}) 4. Nf3 c5 5. e3 a6 6. Bd3 $146 {A45: Trompowsky Attack} ({Predecessor:} 6. a4 b6 7. d5 g6 8. h3 Bg7 9. Be2 O-O 10. O-O Rb8 {1-0 (30) Bauer,C (2647)-Markus,R (2617) Budapest 2017}) 6... g6 7. h4 Bg7 8. Qd2 {Black has an edge.} b5 9. a3 Bb7 10. Rh3 (10. Be2 $142) 10... Rc8 11. Kf1 {[#]} (11. Be2 $17) 11... h5 (11... e5 $1 $19 {[%cal Re5f4][%mdl 512]} 12. dxe5 dxe5 13. Nxe5 Nxe5 14. Bxe5 c4) 12. Rd1 O-O 13. Rg3 Ng4 14. Be4 Bxe4 15. Nxe4 cxd4 16. exd4 Qc7 17. c3 e5 18. dxe5 Ndxe5 $2 (18... dxe5 $17 19. Bg5 Nb6) 19. Kg1 (19. Bxe5 $11 dxe5 20. Nfg5) 19... Rcd8 ({Better is} 19... Nc4 $15 20. Qc2 Be5 21. Bxe5 dxe5) 20. Nd4 ({But not} 20. Nxd6 $2 Nc4 $19) 20... Rfe8 21. Qc2 Nc4 {And now ...Nxb2! would win.} 22. Ng5 $1 Re7 (22... Bxd4 $17 23. cxd4 Qe7) 23. Rgd3 (23. Rxg4 $11 hxg4 24. h5 $1 {[%mdl 512]}) 23... Rde8 $17 {( -> ...Re1+)} 24. Ngf3 {[#]} (24. Rf1 $17 {keeps fighting.}) 24... Nge5 (24... Bxd4 $1 $19 {has better winning chances.} 25. cxd4 Qc8) 25. b3 $2 (25. Nxe5 $17 dxe5 26. Bg3) 25... Nxd3 $19 ({Don't play} 25... Nxa3 26. Qe2 $19) 26. Qxd3 $2 (26. Rxd3 Ne5 27. Rd1) 26... Ne5 (26... Nb2 $142 27. Qf1 Nxd1 28. Qxd1 Qxc3) 27. Qc2 Nxf3+ 28. gxf3 (28. Nxf3 $142 Re4 29. Be3) 28... Re1+ 29. Kg2 {Precision: White =  8%, Black = 31%.} 0-1

[Event "Vasteras Open 2018"]
[Site "Vasteras"]
[Date "2018.09.28"]
[Round "2"]
[White "Carlsson, Ludvig"]
[Black "Krupenski, Juri"]
[Result "0-1"]
[WhiteElo "2058"]
[BlackElo "2402"]
[Annotator "TA"]
[PlyCount "103"]
[EventDate "2018.09.28"]
[EventCountry "SWE"]
[SourceTitle "playchess.com"]
[Source "ChessBase"]
[SourceQuality "1"]

{[%evp 9,103,10,19,12,23,18,29,17,10,22,34,18,25,0,0,-85,7,0,16,-11,0,-25,29,15,62,48,70,61,50,46,53,47,67,67,83,89,102,102,240,45,41,46,51,40,69,31,47,29,53,31,41,41,38,36,184,0,0,0,0,0,0,-21,-21,-21,-13,-27,0,0,0,0,0,0,0,-30,-21,-31,0,0,0,-95,-77,-239,-236,-360,-141,-154,-149,-154,-154,-154,-32,-32,-32,-32,-32,-32]} 1. d4 Nf6 2. Nf3 e6 3. Bf4 c5 4. e3 Qb6 5. Nc3 Nc6 6. a3 {A46: 1 d4 Nf6 2 Nf3 e6: Torre, London and Colle Systems} cxd4 (6... a6 7. Be2 d5 8. O-O cxd4 9. exd4 Be7 10. Re1 O-O 11. Bd3 Bd7 {0-1 (51) Ponomariov,R (2744)-Svidler,P (2722) Moscow 2010}) 7. exd4 Be7 8. Be2 {White has an edge.} O-O 9. O-O d5 10. Re1 $146 {[%cal Bf1e1,Be1e3,Be3b3][%mdl 32]} ({Predecessor:} 10. Nb5 Ne8 11. c4 dxc4 12. Bxc4 {1-0 (47) Manea,A (2414)-Rivalin,K (2074) Avoine 2017}) 10... Bd7 11. Bf1 Rac8 12. Ne5 (12. Bd3 $11) 12... Be8 ({Black should play} 12... Nxe5 $1 $17 13. dxe5 Qxb2 14. exf6 Bxf6 15. Nxd5 exd5) 13. Rb1 $11 a6 14. Qd2 Na7 ({Of course not} 14... Nxd4 $6 15. Be3 $16) 15. Re3 Nb5 (15... Nh5 $142 16. Ree1 Nxf4 17. Qxf4 Qd8) 16. Nxb5 Bxb5 17. Rb3 Ne4 18. Qd1 Qa5 19. Bxb5 axb5 20. Rh3 g6 21. c3 Qd8 22. Qe2 Nd6 23. Ng4 {Hoping for Nh6+.} Nc4 (23... Rc6 $16 {is a better defense.}) 24. Be5 $2 ({White must play} 24. b3 $1 $18 {[%cal Rb3c4]} Nd6 25. Nh6+ Kg7 26. Qe5+ f6 27. Qxe6) 24... f6 $14 25. Bf4 Qd7 26. Re1 Rc6 27. Bc1 Bd6 28. f4 Bc7 29. b3 Nd6 $1 30. Qxe6+ Qxe6 31. Rxe6 Ne4 (31... Nf5 $14 32. Re1 h5) 32. Rxc6 $2 (32. Re7 $1 $18 h5 33. f5) 32... bxc6 $11 33. Nf2 f5 {[%cal Bf6f5,Bf5e4][%mdl 32]} 34. Rf3 Bd6 35. g3 c5 36. Nxe4 fxe4 {[%mdl 4096] Endgame KRB-KRB} 37. Rf1 cxd4 (37... c4 $5 {[%cal Rc4b3]}) 38. cxd4 Rc8 39. Bb2 Rc2 40. Rf2 Rc6 41. Re2 Kf7 42. Kf2 Ra6 {[%mdl 1024] Black has compensation.} 43. b4 Rc6 44. Ke3 (44. Re1 $11 {keeps the balance.}) 44... Ke6 $17 45. Kd2 $2 {[#]} (45. Rf2 $17 {is the only way for White.}) 45... Kf5 $1 $19 46. h3 (46. Kd1 {was necessary.} Kg4 47. Kd2) 46... h5 $2 (46... g5 $19 47. fxg5 Bxg3) 47. Ke3 {[#]} g5 $1 {[%cal Rg5f4]} 48. g4+ hxg4 49. hxg4+ Kg6 (49... Kf6 $17 50. f5 Bf4+ 51. Kf2 Rc7) 50. f5+ $15 {Black is slightly better.} Kg7 51. Kd2 $1 Rc8 52. Bc3 {Precision: White = 52%, Black = 45%.} 0-1

[Event "Vasteras Open 2018"]
[Site "Vasteras"]
[Date "2018.09.28"]
[Round "2"]
[White "Jogstad, Daniel"]
[Black "Seo, Jung Min"]
[Result "0-1"]
[WhiteElo "2046"]
[BlackElo "2360"]
[Annotator "RC"]
[PlyCount "126"]
[EventDate "2018.09.28"]
[EventCountry "SWE"]
[SourceTitle "playchess.com"]
[Source "ChessBase"]
[SourceQuality "1"]
[TimeControl "900+5"]

1. e4 {[%emt 0:00:00]} c5 {[%emt 0:00:00]} 2. Nf3 {[%emt 0:00:00]} d6 {[%emt 0:00:00]} 3. Bb5+ {[%emt 0:00:00]} Nd7 {[%emt 0:00:07]} 4. O-O {[%emt 0:00:03]} Ngf6 {[%emt 0:00:04]} 5. Re1 {[%emt 0:00:01]} g6 {[%emt 0:00:05]} 6. d4 {[%emt 0:02:02]} cxd4 {[%emt 0:00:02]} 7. Qxd4 {[%emt 0:00:01]} Bg7 {[%emt 0:00:03]} 8. e5 {[%emt 0:01:34]} dxe5 {[%emt 0:00:01]} 9. Qxe5 {[%emt 0:00:02]} O-O {[%emt 0:02:19]} 10. Qxe7 {[%emt 0:01:48]} Qa5 {[%emt 0:00:16]} 11. Bc4 {[%emt 0:00:02]} Nb6 {[%emt 0:00:24]} 12. Bd2 {[%emt 0:00:29]} Qh5 {[%emt 0:00:29]} 13. Bb3 {[%emt 0:01:38]} Nfd5 {[%emt 0:00:16]} 14. Qa3 {[%emt 0:02:27]} Bg4 {[%emt 0:00:08]} 15. Bxd5 {[%emt 0:00:06]} Nxd5 {[%emt 0:00:41]} 16. c4 {[%emt 0:00:42]} Bxf3 {[%emt 0:00:14]} 17. cxd5 {[%emt 0:00:09]} Bxd5 {[%emt 0:00:18]} 18. Nc3 {[%emt 0:00:04]} Bc6 {[%emt 0:00:06]} 19. Ne4 {[%emt 0:00:31]} Rfe8 {[%emt 0:00:25]} 20. f3 {[%emt 0:00:17]} Qb5 {[%emt 0:00:36]} 21. Rab1 {[%emt 0:01:10]} Bxe4 {[%emt 0:00:26]} 22. fxe4 {[%emt 0:00:11]} a6 {[%emt 0:00:35]} 23. Bc3 {[%emt 0:00:01]} Bxc3 {[%emt 0:00:11]} 24. bxc3 {[%emt 0:01:05]} Qc6 {[%emt 0:00:05]} 25. Qb3 {[%emt 0:00:27]} b5 {[%emt 0:00:05]} 26. Qd5 {[%emt 0:00:09]} Qxc3 {[%emt 0:00:20]} 27. Rbc1 {[%emt 0:00:10]} Qe5 {[%emt 0:00:04]} 28. Kh1 {[%emt 0:00:36]} Qxd5 {[%emt 0:00:10]} 29. exd5 {[%emt 0:00:01]} Rxe1+ {[%emt 0:00:00]} 30. Rxe1 {[%emt 0:00:01]} Rd8 31. Rd1 {[%emt 0:00:13]} Kg7 {[%emt 0:00:03]} 32. Kg1 {[%emt 0:00:06]} Kf6 {[%emt 0:00:12]} 33. Kf2 {[%emt 0:00:07]} Rd6 {[%emt 0:00:12]} 34. Rc1 {[%emt 0:00:20]} Ke5 {[%emt 0:00:07]} 35. Rc7 {[%emt 0:00:02]} Rf6+ {[%emt 0:00:03]} 36. Ke3 {[%emt 0:00:10]} Kxd5 {[%emt 0:00:02]} 37. g4 {[%emt 0:00:04]} h6 {[%emt 0:00:19]} 38. h4 {[%emt 0:00:02]} a5 {[%emt 0:00:08]} 39. a3 {[%emt 0:00:50]} g5 {[%emt 0:00:09]} 40. hxg5 {[%emt 0:00:28]} hxg5 {[%emt 0:00:01]} 41. Rb7 {[%emt 0:00:04]} Kc6 {[%emt 0:00:16]} 42. Ra7 {[%emt 0:00:03]} Kb6 {[%emt 0:00:01]} 43. Rd7 {[%emt 0:00:01]} Rf4 {[%emt 0:00:06]} 44. Re7 {[%emt 0:00:09]} Rxg4 {[%emt 0:00:05]} 45. Rxf7 {[%emt 0:00:04]} Rg3+ {[%emt 0:00:08]} 46. Kd4 {[%emt 0:00:01]} Rxa3 {[%emt 0:00:04]} 47. Rf6+ {[%emt 0:00:01]} Kc7 {[%emt 0:00:03]} 48. Rf5 {[%emt 0:00:01]} b4 {[%emt 0:00:05]} 49. Rxg5 {[%emt 0:00:01]} Kc6 {[%emt 0:00:04]} 50. Rc5+ {[%emt 0:00:07]} Kb6 {[%emt 0:00:01]} 51. Rh5 {[%emt 0:00:02]} Rc3 {[%emt 0:00:01]} 52. Re5 {[%emt 0:00:20]} Rc1 {[%emt 0:00:05]} 53. Kd3 {[%emt 0:00:01]} Rc5 {[%emt 0:00:03]} 54. Re4 {[%emt 0:00:02]} Kb5 {[%emt 0:00:00]} 55. Re7 {[%emt 0:00:03]} Rc3+ {[%emt 0:00:02]} 56. Kd2 {[%emt 0:00:01]} Ka4 {[%emt 0:00:02]} 57. Ra7 {[%emt 0:00:01]} Rc8 {[%emt 0:00:03]} 58. Rh7 {[%emt 0:00:23]} b3 {[%emt 0:00:01]} 59. Rh4+ {[%emt 0:00:01]} Ka3 {[%emt 0:00:02]} 60. Rh5 {[%emt 0:00:01]} a4 {[%emt 0:00:01]} 61. Rb5 {[%emt 0:00:15]} Ka2 {[%emt 0:00:04]} 62. Rb4 {[%emt 0:00:06]} a3 {[%emt 0:00:01]} 63. Rb5 {[%emt 0:00:01]} b2 0-1